000 00262nam a2200097Ia 4500
001 652113
005 20250826154432.0
008 250824s9999 xx 000 0 und d
245 0 _aÖYKÜLERLE ATASÖZLERİ SÖZ KULAĞA YAZI UZAĞA
_cHABİB BEKTAŞ
260 _bTUDEM
999 _c652113
_d652113